Welcome to the Holygrace Academy Library

Please use search bar below to get started

HANDWRITING ANALYSIS MADE EASY (Record no. 3835)

MARC details
000 -LEADER
fixed length control field 00323nam a22001337a 4500
020 ## - INTERNATIONAL STANDARD BOOK NUMBER
ISBN 81 207 1469 5
082 ## - DEWEY DECIMAL CLASSIFICATION NUMBER
Classification number 825
Item number DIN/H
100 ## - MAIN ENTRY--AUTHOR NAME
Personal name DINES,JESS E.
245 ## - TITLE STATEMENT
Title HANDWRITING ANALYSIS MADE EASY
260 ## - PUBLICATION, DISTRIBUTION, ETC. (IMPRINT)
Place of publication NEW ELHI
Name of publisher STERLING PAPER BACKS
300 ## - PHYSICAL DESCRIPTION
Number of Pages 116
650 ## - SUBJECT ADDED ENTRY--TOPICAL TERM
Topical Term HANDWRITING ANALYSIS
Geographic subdivision NEW DELHI
942 ## - ADDED ENTRY ELEMENTS (KOHA)
Koha item type Books
Holdings
Withdrawn status Lost status Collection code Home library Current library Shelving location Date acquired Source of acquisition Cost, normal purchase price Full call number Accession Number Koha item type
    Reference Main Library Main Library SHELF 15E--PSYCHOLOGY,JOKES 02/10/2006 PURCHASE 70.00 825 DIN/H 02084 Books